LIBRARY & INFORMATION CENTRE, KCAET, TAVANUR

ONLINE PUBLIC ACCESS CATALOGUE (OPAC)

Linear programming :An introduction / (Record no. 8124)

MARC details
000 -LEADER
fixed length control field 00429cam a2200169ua 4500
041 ## - LANGUAGE CODE
Language code of text/sound track or separate title eng
082 ## - DEWEY DECIMAL CLASSIFICATION NUMBER
Classification number 300.1
Item number FEI/LI
100 ## - MAIN ENTRY--AUTHOR NAME
Personal name Feiring, Bruce R .
245 ## - TITLE STATEMENT
Title Linear programming :An introduction /
250 ## - EDITION STATEMENT
Edition statement 1 /
260 ## - PUBLICATION, DISTRIBUTION, ETC. (IMPRINT)
Place of publication New Delhi :
Name of publisher Sage Publications ,
Year of publication 1986.
300 ## - PHYSICAL DESCRIPTION
Number of Pages 91 ; .
500 ## - GENERAL NOTE
General note **Reference
942 ## - ADDED ENTRY ELEMENTS (KOHA)
Koha item type Books
Holdings
Withdrawn status Lost status Damaged status Home library Current library Date acquired Full call number Accession Number Koha item type
      KAUAET KAUAET 07/04/2012 300.1 20164 Reference
free website counter